| 000 | 00375 a2200157 4500 | ||
|---|---|---|---|
| 999 |
_c12845 _d12845 |
||
| 003 | OSt | ||
| 005 | 20240801172729.0 | ||
| 008 | 240801b ||||| |||| 00| 0 eng d | ||
| 020 | _a978-1841933177 | ||
| 082 | _a743.4 | ||
| 100 | _aBarrington Barber | ||
| 245 | _aFundamentals of Drawing | ||
| 260 |
_b Arcturus Publishing Limited _c2013 |
||
| 300 | _a207p; | ||
| 942 | _2ddc | ||